C++ concurrency in action

Αποθηκεύτηκε σε:
Λεπτομέρειες βιβλιογραφικής εγγραφής
Κύριος συγγραφέας: Williams, Anthony
Μορφή: Βιβλίο
Γλώσσα:English
Δημοσίευση: Shelter Island, NY : Manning Publications, c2019.
Έκδοση:2η έκδ.
Θέματα:
Ετικέτες: Προσθήκη ετικέτας
Δεν υπάρχουν, Καταχωρήστε ετικέτα πρώτοι!

MARC

LEADER 00000cam a2200000 a 4500
001 1/124131
008 220112r2019####nyu| ||| |||| ||eng||
020 |a 9781617294693  |q paperback 
020 |a 1617294691  |q paperback 
040 |a GR-MyUa  |b gre  |c GR-MyUa  |e AACR2 
041 0 |a eng 
082 7 |a 005.133   |2 (23) 
100 1 |a Williams, Anthony. 
245 1 0 |a C++ concurrency in action /   |c Anthony Williams.  
250 |a 2η έκδ.  
260 |a Shelter Island, NY :   |b Manning Publications,   |c c2019.  
300 |a xxi, 568 σ. :   |b εικ. ;   |c 24 εκ.  
504 |a Περιέχει ευρετήριο [551-568].  
650 0 |a C++ (Computer program language) 
852 |a INST  |b SAMOS  |e 20220112  |h 005.133 WIL  |p 005300047068  |q 005300047068  |t BK  |y 0 
970 |a Γουβάλα  |b Βάσω  |z 11/01/2022